Dictionary of electronics / (Record no. 134185)

MARC details
000 -LEADER
fixed length control field 00674nam a22002297a 4500
005 - DATE AND TIME OF LATEST TRANSACTION
control field 20170124110222.0
010 ## - LIBRARY OF CONGRESS CONTROL NUMBER
LC control number A-354468
020 ## - INTERNATIONAL STANDARD BOOK NUMBER
Terms of availability 00.00
035 ## - SYSTEM CONTROL NUMBER
System control number A-354468
037 ## - SOURCE OF ACQUISITION
Source of stock number/acquisition Cen Lib/Ret
040 ## - CATALOGING SOURCE
Original cataloging agency DPL
Language of cataloging EN
082 ## - DEWEY DECIMAL CLASSIFICATION NUMBER
Classification number 621.3803
Item number PUR
100 ## - MAIN ENTRY--PERSONAL NAME
Personal name Puri, V.K.
9 (RLIN) 8604
245 ## - TITLE STATEMENT
Title Dictionary of electronics /
Statement of responsibility, etc by V.K. Puri [and] P. Chand
260 ## - PUBLICATION, DISTRIBUTION, ETC. (IMPRINT)
Place of publication, distribution, etc New Delhi
Name of publisher, distributor, etc Anmol Publications
Date of publication, distribution, etc 1988
270 ## - ADDRESS
City New Delhi
Address Ansari road
Postal code 110002
300 ## - PHYSICAL DESCRIPTION
Extent 287p.
Dimensions 21cm(Hb)
650 ## - SUBJECT ADDED ENTRY--TOPICAL TERM
Topical term or geographic name as entry element Machenical engineering
9 (RLIN) 32257
650 ## - SUBJECT ADDED ENTRY--TOPICAL TERM
Topical term or geographic name as entry element Electronics
Form subdivision Dictionaries
9 (RLIN) 40019
700 ## - ADDED ENTRY--PERSONAL NAME
Personal name Chand, P.
9 (RLIN) 40020
942 ## - ADDED ENTRY ELEMENTS (KOHA)
Source of classification or shelving scheme Dewey Decimal Classification
Koha item type English Books
Classification part 621.3803
Call number suffix PUR
Holdings
Withdrawn status Lost status Damaged status Not for loan Collection code Home library Current library Date acquired Source of acquisition Cost, normal purchase price Total Checkouts Full call number Barcode Date last seen Copy number Cost, replacement price Price effective from Koha item type
      Not For Loan Reference Central Library Central Library 29/07/2015 Cen Lib/Ret 0.00   621.3803 PUR A-354468 29/07/2015 1 0.00 29/07/2015 English Books

© Delhi Public Library
Hit Counter
free hit counter